| 000 | 00433nam a2200181Ia 4500 | ||
|---|---|---|---|
| 001 | 2658 | ||
| 005 | 20260306144823.0 | ||
| 008 | 260306t2009||||xx |||||||||||||| ||spa|| | ||
| 041 | _aESP | ||
| 082 |
_a201 _bH411 |
||
| 100 |
_aHabermas, Jürgen _eAUT |
||
| 245 | 0 | _aCarta al papa. Consideraciones sobre la fe | |
| 260 | _c2009 | ||
| 300 |
_a266 páginas : _c17 cm. |
||
| 650 | _aGEN | ||
| 654 | _aCHU | ||
| 942 |
_cLIB _dJUS _fJUS _2ddc _n |
||
| 999 |
_c2658 _d2658 |
||